Thuốc thử hữu cơ

Сохранить в:
Библиографические подробности
Главный автор: Nguyễn Trọng Biểu
Другие авторы: Từ Văn Mặc (Tác giả)
Формат:
Язык:Vietnamese
Опубликовано: H. Khoa học và Kỹ thuật 1978
Предметы:
Метки: Добавить метку
Нет меток, Требуется 1-ая метка записи!
Thư viện lưu trữ: Mạng thư viện Đại học Đà Nẵng
LEADER 01164nam a22003738a 4500
001 000008624
003 4816
005 20111117141107.0
008 111019s1978 b 000 0 vieod
020 |c 4  |d 1000b 
041 0 |a vie 
080 |a 543 
082 |a 543.01  |b NG-B 
084 |a D4  |b TH514T 
100 1 |a Nguyễn Trọng Biểu 
245 1 0 |a Thuốc thử hữu cơ  |c B.s: Nguyễn Trọng Biểu; Từ Văn Mặc 
260 |a H.  |b Khoa học và Kỹ thuật  |c 1978 
300 |a 539 tr.  |c 24cm 
653 |a Thuốc thử hữu cơ 
653 |a Hoá học 
653 |a Hoá học phân tích 
653 |a Sách tra cứu 
700 1 |a Từ Văn Mặc  |e Tác giả 
910 |a duyên 
OWN |a LSP 
AVA |a UDN50  |b LSP  |d 543.01 NG-B  |e available  |t Error 5001 Not defined in file expand_doc_bib_avail.  |f 3  |g 2  |h N  |i 0  |k 1 
999 |a From the UDN01 
AVA |a UDN50  |b LSP  |d 543.01 NG-B  |e available  |t Error 5001 Not defined in file expand_doc_bib_avail.  |f 3  |g 2  |h N  |i 0  |k 1 
TYP |a Monograph 
TYP |a Printed language 
980 |a Mạng thư viện Đại học Đà Nẵng